| 000 | 00915nam a2200301 4500 | ||
|---|---|---|---|
| 003 | LK-CoMWRAF | ||
| 008 | 231120b1980 |||||||| |||| 00| 0 eng d | ||
| 020 | _a9231018515 | ||
| 040 |
_aLK-CoMWRAF _dLK-CoMWRAF _eLK-CoMWRAF |
||
| 041 | _aeng | ||
| 082 |
_a327.172 _bCON |
||
| 111 |
_aSYMPOSIUM ON 'CONSENSUS' _c(Oslo _d31st March- 2nd April 2, 1980) |
||
| 245 | _aConsensus and peace | ||
| 260 |
_aParis: _bUnesco, _c1980 |
||
| 300 | _a231 p. ; 21 cm. | ||
| 650 | _aPEACE-Congresses. | ||
| 650 | _aConsensus (Social sciences)--Congresses. | ||
| 700 |
_a Kiflé Sélassié, Beseat _eed. |
||
| 700 |
_a Amadeo, Mario _eed. |
||
| 700 |
_aAntoine, Gérald _eed. |
||
| 700 |
_aDaker, Rachid _eed. |
||
| 700 |
_aEide, Asbjørn _eed. |
||
| 700 |
_aJavorski, Mihajlo _eed. |
||
| 700 |
_aRuiz-Giménez, Joaquín _eed. |
||
| 700 |
_aWade, Abdoulaye _eed. |
||
| 710 | _aUnesco, Director General | ||
| 942 | _cCP | ||
| 999 |
_c4187 _d4187 |
||